<?xml version="1.0" encoding="UTF-8"?>
<record
    xmlns:xsi="http://www.w3.org/2001/XMLSchema-instance"
    xsi:schemaLocation="http://www.loc.gov/MARC21/slim http://www.loc.gov/standards/marcxml/schema/MARC21slim.xsd"
    xmlns="http://www.loc.gov/MARC21/slim">

  <leader>00857nam a22002297a 4500</leader>
  <controlfield tag="005">20180627171600.0</controlfield>
  <datafield tag="010" ind1=" " ind2=" ">
    <subfield code="a">1718EN-30     ENG-122480      B-687273-277 </subfield>
  </datafield>
  <datafield tag="020" ind1=" " ind2=" ">
    <subfield code="a">9788125059653</subfield>
    <subfield code="c">175.00</subfield>
  </datafield>
  <datafield tag="035" ind1=" " ind2=" ">
    <subfield code="a">EN-106012</subfield>
  </datafield>
  <datafield tag="035" ind1=" " ind2=" ">
    <subfield code="a">B-687273-277</subfield>
  </datafield>
  <datafield tag="037" ind1=" " ind2=" ">
    <subfield code="b">Uppal</subfield>
  </datafield>
  <datafield tag="037" ind1=" " ind2=" ">
    <subfield code="b">DBAD/PUB.</subfield>
  </datafield>
  <datafield tag="082" ind1=" " ind2=" ">
    <subfield code="a">801.95</subfield>
  </datafield>
  <datafield tag="100" ind1=" " ind2=" ">
    <subfield code="a">Kulkarni, Anand B.</subfield>
  </datafield>
  <datafield tag="245" ind1=" " ind2=" ">
    <subfield code="a">An introduction to literary theory and criticism /</subfield>
    <subfield code="c">by Anand B. Kulkarni [and] Ashok G. Chaskar</subfield>
  </datafield>
  <datafield tag="260" ind1=" " ind2=" ">
    <subfield code="a">Hyderabad </subfield>
    <subfield code="b">Orient BlackSwan</subfield>
    <subfield code="c">2015</subfield>
  </datafield>
  <datafield tag="270" ind1=" " ind2=" ">
    <subfield code="a">3-6-752 Himayatnagar </subfield>
    <subfield code="b">Hyderabad</subfield>
    <subfield code="e">500029</subfield>
  </datafield>
  <datafield tag="300" ind1=" " ind2=" ">
    <subfield code="a">ix,300p.</subfield>
    <subfield code="c">22cm(pbk)</subfield>
  </datafield>
  <datafield tag="700" ind1=" " ind2=" ">
    <subfield code="a">Chaskar, Ashok G. </subfield>
  </datafield>
  <datafield tag="942" ind1=" " ind2=" ">
    <subfield code="2">ddc</subfield>
    <subfield code="c">EN</subfield>
    <subfield code="m">KUL</subfield>
    <subfield code="h">801.95</subfield>
  </datafield>
  <datafield tag="999" ind1=" " ind2=" ">
    <subfield code="c">144532</subfield>
    <subfield code="d">144532</subfield>
  </datafield>
  <datafield tag="952" ind1=" " ind2=" ">
    <subfield code="0">0</subfield>
    <subfield code="1">0</subfield>
    <subfield code="4">0</subfield>
    <subfield code="7">1</subfield>
    <subfield code="8">NFIC</subfield>
    <subfield code="a">DBAD</subfield>
    <subfield code="b">BL1</subfield>
    <subfield code="d">2018-04-04</subfield>
    <subfield code="e">DBAD/PUB</subfield>
    <subfield code="g">175.00</subfield>
    <subfield code="l">0</subfield>
    <subfield code="o">801.95 KUL</subfield>
    <subfield code="p">EN-106012</subfield>
    <subfield code="r">2018-04-04 00:00:00</subfield>
    <subfield code="t">1</subfield>
    <subfield code="v">175.00</subfield>
    <subfield code="y">EN</subfield>
  </datafield>
  <datafield tag="952" ind1=" " ind2=" ">
    <subfield code="0">0</subfield>
    <subfield code="1">0</subfield>
    <subfield code="4">0</subfield>
    <subfield code="7">0</subfield>
    <subfield code="8">NFIC</subfield>
    <subfield code="a">L</subfield>
    <subfield code="b">L</subfield>
    <subfield code="d">2018-06-27</subfield>
    <subfield code="e">UPPAL/14845/4.12.2017/691/20.11.2017/10.01.2018</subfield>
    <subfield code="g">175.00</subfield>
    <subfield code="l">6</subfield>
    <subfield code="m">5</subfield>
    <subfield code="o">801.95 KUL</subfield>
    <subfield code="p">B-687273</subfield>
    <subfield code="r">2022-10-28 00:00:00</subfield>
    <subfield code="s">2022-09-24</subfield>
    <subfield code="t">1</subfield>
    <subfield code="v">175.00</subfield>
    <subfield code="w">2018-06-27</subfield>
    <subfield code="y">EN</subfield>
  </datafield>
  <datafield tag="952" ind1=" " ind2=" ">
    <subfield code="0">0</subfield>
    <subfield code="1">0</subfield>
    <subfield code="4">0</subfield>
    <subfield code="7">0</subfield>
    <subfield code="8">NFIC</subfield>
    <subfield code="a">AV</subfield>
    <subfield code="b">AV</subfield>
    <subfield code="d">2018-06-27</subfield>
    <subfield code="e">UPPAL/14845/4.12.2017/691/20.11.2017/10.01.2018</subfield>
    <subfield code="g">175.00</subfield>
    <subfield code="l">6</subfield>
    <subfield code="m">6</subfield>
    <subfield code="o">801.95 KUL</subfield>
    <subfield code="p">B-687274</subfield>
    <subfield code="r">2023-06-16 00:00:00</subfield>
    <subfield code="s">2023-04-05</subfield>
    <subfield code="t">1</subfield>
    <subfield code="v">175.00</subfield>
    <subfield code="y">EN</subfield>
  </datafield>
  <datafield tag="952" ind1=" " ind2=" ">
    <subfield code="0">0</subfield>
    <subfield code="1">0</subfield>
    <subfield code="4">0</subfield>
    <subfield code="7">0</subfield>
    <subfield code="8">NFIC</subfield>
    <subfield code="a">BL1</subfield>
    <subfield code="b">BL1</subfield>
    <subfield code="d">2018-06-27</subfield>
    <subfield code="e">UPPAL/14845/4.12.2017/691/20.11.2017/10.01.2018</subfield>
    <subfield code="g">175.00</subfield>
    <subfield code="l">4</subfield>
    <subfield code="m">5</subfield>
    <subfield code="o">801.95 KUL</subfield>
    <subfield code="p">B-687275</subfield>
    <subfield code="r">2026-03-07 00:00:00</subfield>
    <subfield code="s">2026-02-21</subfield>
    <subfield code="t">1</subfield>
    <subfield code="v">175.00</subfield>
    <subfield code="y">EN</subfield>
  </datafield>
  <datafield tag="952" ind1=" " ind2=" ">
    <subfield code="0">0</subfield>
    <subfield code="1">0</subfield>
    <subfield code="4">0</subfield>
    <subfield code="7">0</subfield>
    <subfield code="8">NFIC</subfield>
    <subfield code="a">ZLS</subfield>
    <subfield code="b">ZLS</subfield>
    <subfield code="d">2018-06-27</subfield>
    <subfield code="e">UPPAL/14845/4.12.2017/691/20.11.2017/10.01.2018</subfield>
    <subfield code="g">175.00</subfield>
    <subfield code="l">12</subfield>
    <subfield code="m">14</subfield>
    <subfield code="o">801.95 KUL</subfield>
    <subfield code="p">B-687276</subfield>
    <subfield code="r">2022-12-24 00:00:00</subfield>
    <subfield code="s">2022-11-24</subfield>
    <subfield code="t">1</subfield>
    <subfield code="v">175.00</subfield>
    <subfield code="y">EN</subfield>
  </datafield>
  <datafield tag="952" ind1=" " ind2=" ">
    <subfield code="0">0</subfield>
    <subfield code="1">0</subfield>
    <subfield code="4">0</subfield>
    <subfield code="7">0</subfield>
    <subfield code="8">NFIC</subfield>
    <subfield code="a">BL4</subfield>
    <subfield code="b">BL4</subfield>
    <subfield code="d">2018-06-27</subfield>
    <subfield code="e">UPPAL/14845/4.12.2017/691/20.11.2017/10.01.2018</subfield>
    <subfield code="g">175.00</subfield>
    <subfield code="l">9</subfield>
    <subfield code="m">14</subfield>
    <subfield code="o">801.95 KUL</subfield>
    <subfield code="p">B-687277</subfield>
    <subfield code="r">2023-12-13 00:00:00</subfield>
    <subfield code="s">2023-10-31</subfield>
    <subfield code="t">1</subfield>
    <subfield code="v">175.00</subfield>
    <subfield code="y">EN</subfield>
  </datafield>
</record>
